000 02865nam a22004457a 4500
005 20080716144519.0
008 080606t xxu||||| |||| 00| 0 eng d
010 _aB-266240-251
020 _a8179634590
_c295.00
035 _aB-266240-251
037 _bBlue Berry /(4452) 8.5.08 / 5 / 8.4.08 / 5.6.08
040 _aDPL
_bEN
082 _a954
100 _aVas, Gratian
245 _aThe story of India for children /
_cby Gratian Vas; illustrated by Mrinal Mitra
250 _arev. ed
260 _aMumbai
_bShree Book Centre
_c2007
270 _a8, Kakad Industrial Estate, S. Keer Marg, Matunga (W)
_bMumbai
_e400016
300 _a192p.
_bcol. ill.
_c24 cm (Hb)
700 _aMitra, Mrinal
700 _aSam, D.S.
700 _aSam, D.S.
700 _aSultan Ahmad
700 _aSam, D.S.
942 _2ddc
_cCH
_h954
_mVAS
999 _c13359
_d13359